Plato's republic

Αποθηκεύτηκε σε:
Λεπτομέρειες βιβλιογραφικής εγγραφής
Κύριοι συγγραφείς: Platon (Συγγραφέας), Jowett, B (Συγγραφέας), Campbell, Lewis (Συγγραφέας)
Μορφή: Βιβλίο
Γλώσσα:Αγγλικά
Ελληνικά
Έκδοση: Oxford Clarendon Press 1894
Θέματα:
Ετικέτες: Προσθήκη ετικέτας
Δεν υπάρχουν, Καταχωρήστε ετικέτα πρώτοι!

MARC

LEADER 00000nam a2200000 a 4500
001 UCY6274
003 CL-VaPUC
008 950521e18940000UK |||||||||||||||||eng|d
041 0 7 |a eng  |2 CL-VaPUC 
041 0 7 |a gre  |2 CL-VaPUC 
082 0 4 |a 184  |b PLA  |2 21 
100 0 |a Platon  |e author  |9 222 
700 0 |a Jowett, B  |e author  |9 336130 
700 0 |a Campbell, Lewis  |e author  |9 336131 
245 1 0 |a Plato's republic 
300 |a v 
942 |c BK 
945 |d 19950521 00:00:00  |a oaravena 
260 |a Oxford  |b Clarendon Press  |c 1894 
650 0 |a Filosofía   |9 223554 
650 0 |a Filosofía antigua   |9 255705 
650 0 |a Política  |9 255312 
650 7 |a HOMBRE  |2 CL-VaPUC  |9 262149 
651 0 |a Grecia  |9 265314 
583 |a last modification  |c 19950521 00:00:00  |k Rodrigo Vera 
999 |c 233852  |d 233850 
952 |0 0  |1 0  |4 0  |6 184_000000000000000_PLA_1894  |7 0  |8 P  |9 239645  |a BIBEDU  |b BIBEDU  |c BIBEDU_PB  |d 2019-11-18  |h v.1  |i 1506560  |o 184 PLA 1894  |p 1506560  |r 2024-01-25  |w 2019-11-18  |y BK  |k FIL 
952 |0 0  |1 0  |4 0  |6 184_000000000000000_PLA_1894  |7 0  |8 P  |9 239646  |a BIBEDU  |b BIBEDU  |c BIBEDU_PB  |d 2019-11-18  |h v.2  |i 1506579  |o 184 PLA 1894  |p 1506579  |r 2024-01-25  |w 2019-11-18  |y BK  |k FIL 
952 |0 0  |1 0  |4 0  |6 184_000000000000000_PLA_1894  |7 0  |8 P  |9 239647  |a BIBEDU  |b BIBEDU  |c BIBEDU_PB  |d 2019-11-18  |h v.3  |i 1506587  |o 184 PLA 1894  |p 1506587  |r 2024-01-25  |w 2019-11-18  |y BK  |k FIL